Políticas públicas y derechos humanos (Record no. 88149)

MARC details
000 -LEADER
fixed length control field 00743nam a22002177a 4500
005 - DATE AND TIME OF LATEST TRANSACTION
control field 20260325114536.0
008 - FIXED-LENGTH DATA ELEMENTS--GENERAL INFORMATION
fixed length control field 240626b mx |||||||| |||| 00| 0 spa d
020 ## - INTERNATIONAL STANDARD BOOK NUMBER
International Standard Book Number 9786070944956
050 04 - LIBRARY OF CONGRESS CALL NUMBER
Classification number H97
Item number M67
100 1# - MAIN ENTRY--PERSONAL NAME
Personal name Morales Sánchez, Julieta
245 10 - TITLE STATEMENT
Title Políticas públicas y derechos humanos
Statement of responsibility, etc / Julieta Morales Sánchez ; prólogo Christian Courtis
250 ## - EDITION STATEMENT
Edition statement 2a ed.
260 ## - PUBLICATION, DISTRIBUTION, ETC. (IMPRINT)
Place of publication, distribution, etc México :
Name of publisher, distributor, etc Porrúa,
Date of publication, distribution, etc 2025
300 ## - PHYSICAL DESCRIPTION
Extent xvii, 249 p. ;
Dimensions 21 cm.
490 0# - SERIES STATEMENT
Series statement Instituto Mexicano de Derecho Procesal Constitucional ;
Volume number/sequential designation 153
504 ## - BIBLIOGRAPHY, ETC. NOTE
Bibliography, etc Incluye bibliografía
650 #7 - SUBJECT ADDED ENTRY--TOPICAL TERM
Source of heading or term lemb
Topical term or geographic name as entry element Políticas públicas
Geographic subdivision México
650 #7 - SUBJECT ADDED ENTRY--TOPICAL TERM
Source of heading or term lemb
Topical term or geographic name as entry element Derechos humanos
Geographic subdivision México
700 1# - ADDED ENTRY--PERSONAL NAME
Personal name Courtis, Christian,
Relator term prologuista
942 ## - ADDED ENTRY ELEMENTS (KOHA)
Source of classification or shelving scheme Biblioteca del Cogreso de los Estados Unidos
Koha item type Libro
Holdings
Estado de pérdida Fuente de clasificación Estado del daño No para préstamo Ubicación permanente Ubicación actual Apartado o colección Fecha de adquisición Edición Área del conocimiento Total Checkouts Clasificación Código de Barras Date last seen Número de copia Costo por reposición Tipo de recurso
  Biblioteca del Cogreso de los Estados Unidos     Biblioteca de la Facultad de Derecho y Ciencias Sociales "Felipe J. Tena" Biblioteca de la Facultad de Derecho y Ciencias Sociales "Felipe J. Tena" General 25/03/2026 2a ed. Ciencias Sociales y Administrativas   H97 M67 2025 BFD000015471 25/03/2026 1 396.00 Libro
  Biblioteca del Cogreso de los Estados Unidos     Biblioteca de la Facultad de Derecho y Ciencias Sociales "Felipe J. Tena" Biblioteca de la Facultad de Derecho y Ciencias Sociales "Felipe J. Tena" General 25/03/2026 2a ed. Ciencias Sociales y Administrativas   H97 M67 2025 BFD000015472 25/03/2026 2 396.00 Libro
  Biblioteca del Cogreso de los Estados Unidos     Biblioteca de la Facultad de Derecho y Ciencias Sociales "Felipe J. Tena" Biblioteca de la Facultad de Derecho y Ciencias Sociales "Felipe J. Tena" General 25/03/2026 2a ed. Ciencias Sociales y Administrativas   H97 M67 2025 BFD000015473 25/03/2026 3 396.00 Libro